Kroatië Trivia Quiz - Statistieken

Algemene statistieken
  • Deze quiz is 660 keer genomen
  • De gemiddelde score is 9 van 18
Antwoordstatistieken
Hint Antwoord % Correct
Hoofdstad Zagreb
96%
Internationale organisatie waar Kroatië in 2013 bij gegaan is Europese Unie
85%
Zee waar Kroatië aan ligt Adriatische zee
78%
Land waarmee Kroatië de langste grens deelt Bosnië en Herzegovina
78%
Land waar Kroatië deel van uitmaakte in de periode 1918–1991 Joegoslavië
73%
Op één na grootste stad Split
69%
Voetballer die in 2018 de Ballon d'Or won Luka Modrić
62%
Tweeletterige landcode hr
56%
Schiereiland waarop Kroatië ligt Balkan
53%
Italiaanse stad die in de middeleeuwen het grootste deel van de Kroatische kust beheerste Venetië
52%
Ommuurde stad, voorheen Ragusa genoemd, die op de Werelderfgoedlijst staat Dubrovnik
43%
De meest voorkomende tak van het christendom Rooms-Katholiek
42%
Valuta Kuna
36%
Noem een van de twee grootste eilanden Cres | Krk
31%
Regio die de zuidelijke helft van Kroatië omvat Dalmatië
30%
Schiereiland in het noordwesten van Kroatië Istrië
27%
Kroatië's bergketen {Dinarische} Alpen
14%
Romeinse keizer die in het bovenstaande een paleis heeft gebouwd Diocletianus
12%
Geen overeenkomende quizzen gevonden
Scoreverdeling
Procent van Mensen met Elke Score
Percentiel versus Aantal Correcte Antwoorden
Uw Scoregeschiedenis
U heeft deze quiz nog niet genomen